Movies Quiz

Random Movies or Italian Quiz

Lost in Translation - Movies According to Italy Quiz Stats

Quiz Updated Oct 17, 2017

Challenge
Share
Tweet
Embed
Score 0/30 Timer 07:00
2 Plays Today
% Correct
A Clockwork Orange
96.3%
Crouching Tiger, Hidden Dragon
95.7%
Driving Miss Daisy
95.5%
The Emperor's New Groove
95.3%
Inglorious Basterds
95.2%
So I Married an Axe Murderer
95.1%
Kindergarten Cop
94.9%
Spaceballs
93.8%
Wreck It Ralph
93.6%
Knocked Up
92.8%
Talladega Nights: The Ballad of Ricky Bobby
92.5%
Up In the Air
89.2%
The Love Bug
89.1%
Rear Window
89%
Goodfellas
89%
% Correct
Flushed Away
88.6%
Sleepless in Seattle
85.7%
Caddyshack
84%
Home Alone
83.3%
Reservoir Dogs
81.7%
Moneyball
70.6%
Silver Linings Playbook
70.2%
Groundhog Day
63.9%
The Cable Guy
60.7%
The Sound of Music
60.4%
Superbad
54.2%
There Will Be Blood
53.1%
Trading Places
49.9%
Midnight Cowboy
44.8%
The Great Outdoors
27.9%

You're not logged in!

Compare scores with friends on all Sporcle quizzes.
Sign Up with Email
OR
Log In

You Might Also Like...

Show Comments

Extras

Top Quizzes Today


Score Distribution

Your Account Isn't Verified!

In order to create a playlist on Sporcle, you need to verify the email address you used during registration. Go to your Sporcle Settings to finish the process.

Report this User

Report this user for behavior that violates our Community Guidelines.

Details: